| 000 | 00376nam a22001457a 4500 | ||
|---|---|---|---|
| 005 | 20251007124254.0 | ||
| 008 | 250929b |||||||| |||| 00| 0 eng d | ||
| 020 | _a978-93-48189-69-1 | ||
| 041 | _aHENDI | ||
| 100 |
_aCHATURVEDI, PHANEENDRA NATH _98706 |
||
| 245 | _aBHARAT KE MAHAN BALIDANI | ||
| 260 |
_aUTTAR PRADESH _bAKSHAR PLANT _c2024 |
||
| 300 | _a79;P | ||
| 942 | _cBK | ||
| 999 |
_c8853 _d8851 |
||